000 00584nam a2200145Ia 4500
008 151213s9999 xx 000 0 und d
100 _aইসর্ইাল খান।
245 _aবুদ্ধিজীবীদেও দ্বন্ধ ও সাহিত্য সমাজে অবক্ষয়।
_cইসর্ইাল খান।
260 _aঢাকা
_bস্বকীয়তা প্রকাশনী।
_c1989
300 _a8729 p.
650 _aBangla
650 _aসাহিত্য
700 _aইসর্ইাল খান।
999 _c4515
_d4515